Atatürk ve Cumhuriyetin temel kurumları (Record no. 9372)

MARC details
000 -BAŞLIK
Sabit Uzunlukta Kontrol Alanı 00986na a2200265 4500
001 - KONTROL NUMARASI
Denetim Alanı 16984
003 - KONTROL NUMARASI IDENTIFIER
Denetim Alanı MIRAKIL
005 - SON İŞLEM TARİHİ VE ZAMANI
Denetim Alanı 20181213155244.0
008 - SABİT-BOY VERİ ELEMANLARI - GENEL BİLGİLER
Sabit Uzunlukta Kontrol Alanı 161019b tu 000 0
035 ## - SİSTEM KONTROL NUMARASI
Sistem Kontrol Numarası 16984
040 ## - KATALOGLAMA KAYNAK
Orijinal Kataloglama Ajansı Milas
Kataloglama Dili tur
Metne Dönüştürmek Ajansı TR-AnCHP
041 ## - DİL KODU
Metin / Ses Parça Veya Ayrı Başlığın Dil Kodu tur
082 ## - DEWEY ONLU SINIFLANDIRMA NUMARASI
Sınıflandırma Numarası ATA 956.1024
Ürün Numarası A72a 2000
090 ## - SINIFLAMA NUMARASI
Sınıflama Numarası ATA 956.1024 A72a 2000
110 ## - ANA GİRİŞ - KURUMSAL ADI
Giriş Elemanı Olarak Kurumsal Ad Veya Yargı Alanı Adı Atatürkçü Düşünce Derneği
Toplantının Yeri Adana
Toplantı Veya Antlaşma İmzalandığı Tarihi 14 Ekim 2000 Cumartesi
Bir Çalışmanın Adı Ortak çalışma
245 ## - BAŞLIK TABLOSU
Başlık Atatürk ve Cumhuriyetin temel kurumları
Sorumluluk Tablosu, Vb Atatürkçü Düşünce Derneği, Adana-KOOP
246 ## - UNVAN FORM VARYING
Başlık Doğru / Kısa Başlığı Cumhuriyetin temel kurumları
260 ## - YAYIN, DAĞITIM, VB
Yayın, Dağıtım, Vb Yeri Adana
Yayıncı, Dağıtıcı, Vs Adı Adana-Koop
Yayın, Dağıtım, Vb Tarihi 2000
300 ## - FİZİKSEL TANIM
Kapsam 104 s.
Diğer Fiziksel Ayrıntıları fotg.
Boyutlar 20 sm.
500 ## - GENEL NOT
Genel Not Atatürkçü Düşünce Derneği ve Adana KOOP'un ortak çalışması (1)
600 ## - KONU KATMA GİRİŞ - KURUMSAL ADI
Kişisel Ad Atatürk, Mustafa Kemal
Bir Adıyla İlişkilendirilen Tarihler 1881-1938
Genel Alt Bölümü Atatürk devrimleri
600 ## - KONU KATMA GİRİŞ - KURUMSAL ADI
Kişisel Ad Atatürk, Mustafa Kemal
Bir Adıyla İlişkilendirilen Tarihler 1881-1938
Genel Alt Bölümü Siyasal ve sosyal görüşler
Kronolojik Alt Bölümü Toplantılar
651 ## - KONU KATMA GİRİŞ - COĞRAFİ ADI
Coğrafi İsim Türkiye
Genel Alt Bölümü Siyaset ve yönetim
942 ## - EKLENDİ GİRİŞ ELEMANLARI (KOHA)
Sınıflandırma Veya Raf Düzeni Kaynak
Koha Öğesi Türü Books
999 ## - SİSTEM KONTROL NUMARALARI (KOHA)
Koha Biblionumber 9372
Koha Biblioitemnumber 9372
Holdings
Kalıcı Konum Mevcut Konum Edinme Tarihi Edinim Kaynak Toplam Check-Out'Lar Tam Çağrı Numarası Barkod Tarih Son Görülme İtibaren Geçerli Fiyatlar Koha Öğesi Türü
CHP Kütüphanesi CHP Kütüphanesi 10/19/2016 Bağış   ATA 956.1024 A72a 2000 002158 10/19/2016 10/19/2016 Books